Statistics for Game of Thrones: Houses of the Stormlands

Click here to take the quiz!

General Stats

  • This quiz has been taken 9 times
  • The average score is 18 of 41

Answer Stats

Answer% Correct
Baratheon
100%
Dondarrion
71%
Estermont
71%
Seaworth
71%
Selmy
71%
Tarth
71%
Caron
57%
Connington
57%
Durrandon
57%
Errol
57%
Fell
57%
Grandison
57%
Penrose
57%
Staedmon
57%
Swann
57%
Trant
57%
Buckler
43%
Cafferen
43%
Cole
43%
Mertyns
43%
Morrigen
43%
Wylde
43%
Bolling
29%
Brownhill
29%
Foote
29%
Gower
29%
Hasty
29%
Herston
29%
Horpe
29%
Kellington
29%
Lonmouth
29%
Musgood
29%
Peasebury
29%
Rogers
29%
Swygert
29%
Toyne
29%
Tudbury
29%
Wagstaff
29%
Wensington
29%
Whitehead
29%
Sweet
14%

Score Distribution

Percentile by Number Answered

Percent of People with Each Score

Your Score History

You have not taken this quiz